Statistics for AC Milan Squad 2019-2020

Click here to take the quiz!

General Stats

  • This quiz has been taken 287 times
  • The average score is 19 of 26

Answer Stats

PositionNationNumberPlayer% Correct
GKItaly90Antonio Donnarumma
93%
GKItaly99Gianluigi Donnarumma
93%
RWSpain8Suso
89%
CMIvory Coast79Franck Kessie
88%
STPoland9Krzysztof Piatek
86%
LBSwitzerland68Ricardo Rodriguez
86%
RBItaly2Davide Calabria
85%
CBItaly13Alessio Romagnoli
83%
LBFrance19Theo Hernandez
83%
LWTurkey10Hakan Calhanoglu
81%
CDMArgentina20Lucas Biglia
79%
GKSpain25Pepe Reina
77%
RWSpain7Samu Castillejo
74%
STPortugal27Andre Silva
73%
LMUruguay93Diego Laxalt
70%
CAMBrazil39Lucas Paqueta
70%
CBArgentina22Mateo Musacchio
70%
STPortugal-Rafael Leao
69%
CMItaly5Giacomo Bonaventura
68%
RBItaly12Andrea Conti
66%
CMBosnia33Rade Krunic
65%
LWItaly11Fabio Borini
52%
CBItaly46Matteo Gabbia
50%
LBCroatia23Ivan Strinic
47%
CoachSwitzerland-Marco Giampaolo
38%
CBItaly31Mattia Caldara
34%

Score Distribution

Percentile by Number Answered

Percent of People with Each Score

Your Score History

You have not taken this quiz